Groupes de la XVIème législature à l'Assemblée Nationale - Statistiques

Statistiques générales
  • Ce quiz a été pris 90 fois
  • Le résultat moyen est 9 sur 10
Statistiques - réponses
Groupe Nombre de membres % Correct
Rassemblement National 88
99%
Renaissance 170
99%
La France Insoumise - NUPES 74
97%
Écologiste - NUPES 22
96%
Les Républicains 61
96%
Socialistes 31
95%
Démocrates 51
87%
Horizons 29
82%
Gauche démocrate et républicaine - NUPES 22
80%
Libertés, Indépendants, Outre-mer et Territoires 20
78%
Aucun quiz correspondant
Distribution des résultats
% des personnes avec chaque résultat
Percentile par nombre de réponses
Votre historique - résultats
Vous n’avez pas pris ce quiz